Bollywood Actors / Actresses by Picture - #5 - Statistics

General Stats
  • This quiz has been taken 346 times
  • The average score is 9 of 16
Answer Stats
Picture Answer % Correct
Hrithik Roshan
93%
Shahid Kapoor
93%
Jackie Shroff
88%
Allu Arjun
79%
Disha Patani
76%
Aditi Rao Hydari
73%
Kalki Koechlin
70%
Amrish Puri
67%
Dimple Kapadia
61%
Rajinikanth
57%
Lara Dutta
56%
Jeetendra
29%
Nutan
20%
Asha Parekh
19%
Om Prakash
16%
Mala Sinha
14%
No matching quizzes found
Score Distribution
Percent of People with Each Score
Percentile by Number Answered
Your Score History
You have not taken this quiz